Kočiš striebro, Cibuľa bronz Majstrovstvá sveta IFBB v kulturistike mužov, 1.-5.11.2009, Doha, Katar

Bibliographic Details
Main Author: Uríček, Peter (Author)
Format: Article
Language:Slovak
PhysicalDescription:Fotogr.
ISSN:1335-7867
Subjects:

MARC

LEADER 00000nab a2200000 ar4500
001 vtls010039475
003 SK-MaSNL
005 20260303045643.0
008 100115c2010 xo wr|p|||||||000 b|slo
015 |a SNBRB2010/01  |2 snkbucl 
038 |a SNKBUCL 
040 |a SNKBUCL  |b slo  |c SNKBUCL  |e AACR2 
041 0 |a slo 
044 |a xo  |c SK 
080 |a 796.894.093.1  |x (100)  |2 2001 
100 1 |a Uríček, Peter  |4 aut  |9 376897 
245 1 0 |a Kočiš striebro, Cibuľa bronz  |b Majstrovstvá sveta IFBB v kulturistike mužov, 1.-5.11.2009, Doha, Katar  |c Peter Uríček 
300 |b Fotogr. 
611 2 7 |a Majstrovstvá sveta IFBB v kulturistike mužov  |d (2009 :  |c Doha, Katar)  |2 snkbucl  |9 1036632 
650 0 7 |a kulturistika  |2 snkbucl  |9 3254 
650 0 7 |a muži  |2 snkbucl  |9 4888 
773 0 |t Muscle a fitness  |g Roč. XX, č. 1 (2010), s. 96-101  |x 1335-7867 
852 |a SNK  |b KIS3GCP 
999 |c 1704513  |d 1706443